| 000 | 00922nas a2200313 4500 | ||
|---|---|---|---|
| 001 | BR0101138 | ||
| 003 | BR-BrBNA | ||
| 005 | 20231205102110.0 | ||
| 007 | ta | ||
| 008 | 230509b bl.|||p| |||| 00| 00por d | ||
| 040 |
_aBR-BrBNA _bpor _cBiblioteca Nacional de Agricultura |
||
| 041 | _a(Pt) | ||
| 072 | _aF01 | ||
| 100 | 1 | _aAraujo, A.G. | |
| 100 | 1 | _aCasao Junior, R. | |
| 100 | 1 | _aRalisch, R. | |
| 100 | 1 | _aSiqueira, R. | |
| 245 | 1 | _aMobilizacao de solo e emergencia de plantas na semeadura direta de soja (Glycine max L.)e milho (Zea mays L.)em solos argilosos | |
| 650 | _aSoja | ||
| 650 | _aMilho | ||
| 650 | _aSolo Argiloso | ||
| 650 | _aSemeadeira | ||
| 650 | _aPlantio Direto | ||
| 650 | _aCaule | ||
| 650 | _aPARANÁ | ||
| 773 | 0 |
_tEngenharia Agricola (Brazil) _xISSN 0100-6916 _g(Dec 1999), v. 19(2) p. 226-237 _wBR0101138 |
|
| 909 |
_a202311 _bLúcia _c55 _dLúcia Elande |
||
| 942 |
_2AGRIS _n0 _cANA |
||
| 999 |
_c165732 _d165732 |
||